000 00937nam a2200253 u 4500
005 20210223131049.0
008 090804s2005 r 000 0 eng d
020 _a8446018195 (10 digitos)
020 _a9788446018193 (13 digitos)
035 _aUPN01000171716
049 _aI
050 4 _aPZ78
_bV5.33
100 1 _aVivet-Rémy, Anne-Catherine
245 1 0 _aDe Apolo a Zeus :
_bla venganza de los dioses /
_cAnne-Catherine Vivet-Rémy ; il. Pascale Desmazières ; tr. Josefina Careaga.
260 _aMadrid :
_bAkal,
_c2005.
300 _a128 p. :
_bil.
440 0 _aPara descubrir a los clásicos ;
_v14
500 _a"Una lectura con juegos para descubrir a los clásicos"
534 _pTitulo original:
_tD'Apollon a Zeus la vengeance des dieux
650 4 _aLIBROS Y LECTURA PARA LA JUVENTUD
_910549
650 4 _aMITOLOGIA GRIEGA -
_vLITERATURA JUVENIL
_911917
650 4 _aMITOLOGIA ROMANA
_914403
905 _aInfantil
999 _c143820
_d143820